KOHA-Header-6

The Strategy Concept And Process (Record no. 6215)

000 -LEADER
fixed length control field 00267nam a2200109Ia 4500
100 ## - MAIN ENTRY--AUTHOR NAME
Personal name Arnoldo C. Hax,
245 #4 - TITLE STATEMENT
Title The Strategy Concept And Process
260 ## - PUBLICATION, DISTRIBUTION, ETC. (IMPRINT)
Place of publication London
Name of publisher Addison
Year of publication 1996
300 ## - PHYSICAL DESCRIPTION
Number of Pages 440
942 ## - ADDED ENTRY ELEMENTS (KOHA)
Koha item type Books
Holdings
Withdrawn status Lost status Collection code Permanent Location Current Location Shelving location Date acquired Full call number Accession Number Koha item type
    Management MAJU MAJU   2019-09-07 658.401 3225 Management

Powered by Koha